000 00553nam a2200169Ia 4500
008 090711s9999 xx 000 0 und d
082 _b1788
100 _aपेठे मेघना
245 _aआंधळ्याSया गायी...
260 _bराजहंस प्रकाशन
_c2000
300 _a148
600 _aपेठे मेघना
630 _aआंधळ्याSया गायी...
700 _aपेठे मेघना
730 _aआंधळ्याSया गायी...
942 _cBOOK
999 _c338828
_d338825